01232nam a2200301 a 4500001001000000003000900010005001700019007000300036008004100039020001800080040002500098082002400123100004600147245014100193260004000334300002800374500007300402504003300475590002800508650005900536650006000595650007800655650004000733910000700773942001400780952012100794999001500915000003919DO-SdBNP20220926143008.0ta090715s2007 dr 001 0 spa d a9789993458593 aDO-SdBNPbspacBNPHU 4a617.6009bT233g2221 aTaveras García, Héctor Darío91179610aLos gremios odontológicos :borigen y evolución gremial en la República Dominicana 1926-2007 /cHéctor Darío Taveras García. aSanto Domingo :bCentenario,c2007. a510 p. :bil. ;c26 cm. aIncluye referencias bibliográficas y notas al pie de las páginas a Bibliografía : p. 505-510 aInventariado, 2022 / DG 4aOdontologíaxHistoriazRepública Dominicana911797 4aAsociación odontológica dominicanaxHistoria911798 4aAsociaciones de profesionales y técnicoszRepública Dominicana911799 4aOdontologíaxLegislación911800 aDG 2ddccLBS1 00102ddc51708PDaBNPHUbBNPHUcHDd2009-07-15l0oBNPHU PD 617.6009 T233gp3919-10r2020-06-25w2020-06-25yLBS1 c3738d3738